00499 2200205 4500001002100000008004100021035002000062245005100082100002500133250000600158260003400164300001100198084001400209082000800223650001400231990001200245990001200257990001200269990001200281INLIS000000000000422 ind  a0010-0424000398 aRahasia Sains; Tata SuryacAndarini Trisnasari aTrisnasari, Andarini a1 aJakarta :bRizky Grafisc2008 a65 hlm a520 AND r a520 aNon Fiksi a0722492 a0722493 a0722494 a0722495